000 00515nam a2200157 a 4500
001 000027780
005 20200930031105.0
008 110404s1998 dr 000 0 spa d
040 _aDO-SdBNP
_bspa
_cBNPHU
082 _axxxx
_bE36
245 0 0 _aEje :
_bamor y ternura.
260 _aSanto Domingo :
_bSecretaría de Estado de Educación y Cultura :
_bFondo de la Naciones Unidas Para la Infancia,
_c1998.
300 _a51 p. ;
_c28 cm.
500 _aA la cabeza de la portada Educación para la vida
049 _aBNPD
999 _c27272
_d27272